Operaciones ginecológicas mediante celiotomia vaginal / (Record no. 140948)

MARC details
000 -LEADER
campo de control de longitud fija 00585nam a2200169 i 4500
001 - NÚMERO DE CONTROL
campo de control 140948
003 - IDENTIFICADOR DE NÚMERO DE CONTROL
campo de control ES-MaACL
007 - CAMPO FIJO DE DESCRIPCIÓN FÍSICA--INFORMACIÓN GENERAL
campo de control de longitud fija t|
008 - DATOS DE LONGITUD FIJA--INFORMACIÓN GENERAL
campo de control de longitud fija 070918s1954 sp ||||1| spa d
100 1# - ENTRADA PRINCIPAL--NOMBRE DE PERSONA
Nombre de persona Werner, Paul.
9 (RLIN) 116507
245 10 - MENCIÓN DEL TÍTULO
Título Operaciones ginecológicas mediante celiotomia vaginal /
Mención de responsabilidad, etc. Paul Werner y J, Sederl ; traducción del alemán por José Población del Castillo.
260 ## - PUBLICACIÓN, DISTRIBUCIÓN, ETC.
Lugar de publicación, distribución, etc. Madrid :
Nombre del editor, distribuidor, etc. Alhambra,
Fecha de publicación, distribución, etc. 1954.
300 ## - DESCRIPCIÓN FÍSICA
Extensión 68 p., 120 lám. ;
Dimensiones 25 cm.
700 1# - ENTRADA AGREGADA--NOMBRE PERSONAL
Nombre de persona Sederl, J.
9 (RLIN) 105067
700 1# - ENTRADA AGREGADA--NOMBRE PERSONAL
Nombre de persona Población del Castillo, José.
9 (RLIN) 92685
852 ## - LOCALIZACIÓN
Ubicación ES-MaACL
Número de control de estantería C-7979
Sublocalización o colección R.36209
Holdings
Estatus retirado Estado de pérdida Estado de daño No para préstamo Biblioteca de origen Biblioteca actual Ubicación en estantería Fecha de adquisición Fuente de adquisición Total de préstamos Signatura topográfica completa Código de barras Visto por última vez Precio de reemplazo Tipo de ítem Koha
        Biblioteca del Ateneo de Madrid Biblioteca del Ateneo de Madrid Sala Palomar 17/01/2008     C-7979 1146663 23/02/2023 23/02/2023 Libro impreso